| 000 | 00925nam a2200253 i 4500 | ||
|---|---|---|---|
| 001 | 14785 | ||
| 003 | ES-MaACL | ||
| 005 | 20250814234931.0 | ||
| 007 | t| | ||
| 008 | 990603n1970 cl ||||1| spa d | ||
| 080 | _a37 Nuñez, José Abelardo | ||
| 080 | _a37 Labarca, Amanda | ||
| 100 | 1 |
_aMunizaga Aguirre, Roberto. _984206 |
|
| 245 | 1 | 0 |
_aEducadores chilenos de ayer y de hoy _b: José Abelardo Núñez, Amanda Labarca / _cpor Roberto Munizaga Aguirre. |
| 260 |
_a[S.l.] : _bAcademia Chilena de Ciencias Sociales, _c[197-?] |
||
| 300 |
_a100 p. ; _c18 cm. |
||
| 490 | 1 |
_aEducadores de ayer y de hoy ; _v5 |
|
| 600 | 1 | 4 |
_aNúñez, José Abelardo. _986158 |
| 600 | 1 | 4 |
_aLabarca, Amanda. _969208 |
| 710 | 2 |
_aAcademia Chilena de Ciencias Sociales, Políticas y Morales _91153 |
|
| 830 | 0 |
_aEducadores de ayer y de hoy ; _v5 _9228537 |
|
| 852 |
_aES-MaACL _jL-21995 _bR.115532 |
||
| 999 |
_c14785 _d14785 |
||